The latest portfolio of theory & practice in Plant Physiology

Bibliographic Details
Main Author: Das, Susheela M
Format: Book
Published: New Delhi, India : Dominant Publishers & Distributors , 2003
Subjects:

MARC

LEADER 00000cam a2200000 7i4500
001 0000003644
005 20080129.0
020 0 0 |a 8178881284 
090 0 0 |a 571.2   |b DAS 
100 1 0 |a Das, Susheela M 
245 1 0 |a The latest portfolio of theory & practice in Plant Physiology   |c Susheela M Das 
260 0 0 |a New Delhi, India :   |b Dominant Publishers & Distributors ,   |c 2003 
300 |a 491p. :   |b ill. ;   |c 22cm. 
650 0 0 |a Plant Physiology 
999 |a 0000007208   |b Monograph   |c Open Shelf   |e Default branch